Most Generous Countries (per capita) - Statistics

General Stats
  • This quiz has been taken 140 times
  • The average score is 17 of 20
Answer Stats
Rank Country % Correct
18 United States
98%
3 Norway
94%
7 Finland
93%
5 Sweden
93%
6 United Kingdom
93%
12 Canada
92%
2 Denmark
90%
15 Australia
89%
14 Germany
89%
20 Italy
88%
4 The Netherlands
88%
16 Spain
87%
10 Belgium
85%
13 Japan
84%
9 Switzerland
83%
19 Iceland
80%
11 Austria
79%
17 Portugal
75%
8 Ireland
73%
1 Luxembourg
67%
No matching quizzes found
Score Distribution
Percent of People with Each Score
Percentile by Number Answered
Your Score History
You have not taken this quiz